Miradas de Solentiname (Record no. 449)

MARC details
000 -LEADER
campo de control de longitud fija 00521nam a22001457a 4500
008 - DATOS DE LONGITUD FIJA--INFORMACIÓN GENERAL
campo de control de longitud fija 150311b xxu||||| |||| 00| 0 eng d
020 ## - NÚMERO INTERNACIONAL ESTÁNDAR DEL LIBRO
Número Internacional Estándar del Libro 9789996431050
082 ## - NÚMERO DE LA CLASIFICACIÓN DECIMAL DEWEY
Número de clasificación 779.209.2
Número de ítem G 335 m
100 ## - ENTRADA PRINCIPAL--NOMBRE DE PERSONA
Nombre de persona Genoveze, Tiago Lucio Miguel (autor) Cardenal Martínez, Ernesto (editor)
9 (RLIN) 2162
245 ## - MENCIÓN DEL TÍTULO
Título Miradas de Solentiname
260 ## - PUBLICACIÓN, DISTRIBUCIÓN, ETC.
Lugar de publicación, distribución, etc. Managua
Nombre del editor, distribuidor, etc. Centro Nicaraguense de Escritores
Fecha de publicación, distribución, etc. 2014
300 ## - DESCRIPCIÓN FÍSICA
Extensión 200 p.
Otras características físicas ill. fot. (col)
Dimensiones 22 cm
650 ## - PUNTO DE ACCESO ADICIONAL DE MATERIA--TÉRMINO DE MATERIA
Subdivisión general Fotografía-retratos
-- Nicaragua
9 (RLIN) 2163
700 ## - ENTRADA AGREGADA--NOMBRE PERSONAL
Nombre de persona Tiago Lucio Miguel Genoveze
9 (RLIN) 2164
Holdings
Estatus retirado Estado de pérdida Fuente del sistema de clasificación o colocación Estado de daño No para préstamo Biblioteca de origen Biblioteca actual Ubicación en estantería Fecha de adquisición Total de préstamos Signatura topográfica completa Código de barras Visto por última vez Precio de reemplazo Tipo de ítem Koha
    Clasificación Decimal Dewey     Biblioteca LadoV Biblioteca LadoV   11/03/2015   779.209.2 G 335 m 004006 11/03/2015 11/03/2015 Material 01